<?xml version="1.0" encoding="UTF-8"?>
<record
    xmlns:xsi="http://www.w3.org/2001/XMLSchema-instance"
    xsi:schemaLocation="http://www.loc.gov/MARC21/slim http://www.loc.gov/standards/marcxml/schema/MARC21slim.xsd"
    xmlns="http://www.loc.gov/MARC21/slim">

  <leader>00923nas a2200205 a 4500</leader>
  <controlfield tag="005">20260205113240.0</controlfield>
  <controlfield tag="007">ta</controlfield>
  <controlfield tag="008">241025e2001    dr f||||r||||||0| 0 spa d</controlfield>
  <datafield tag="040" ind1=" " ind2=" ">
    <subfield code="a">DO-SdBNP</subfield>
    <subfield code="c">BNPHU</subfield>
    <subfield code="e">rda</subfield>
  </datafield>
  <datafield tag="041" ind1=" " ind2=" ">
    <subfield code="h">spa</subfield>
  </datafield>
  <datafield tag="110" ind1=" " ind2=" ">
    <subfield code="a">Universidad Aut&#xF3;noma de Santo Domingo (UASD)</subfield>
    <subfield code="9">84760</subfield>
    <subfield code="b">Facultad de Ciencias Jur&#xED;dicas y Pol&#xED;ticas.</subfield>
    <subfield code="b">Instituto de Criminolog&#xED;a.</subfield>
  </datafield>
  <datafield tag="245" ind1=" " ind2=" ">
    <subfield code="a">Revista criminol&#xF3;gica universitaria /</subfield>
    <subfield code="c">Instituto de Criminolog&#xED;a.</subfield>
  </datafield>
  <datafield tag="260" ind1=" " ind2=" ">
    <subfield code="a">Santo Domingo, Rep&#xFA;blica Dominicana :</subfield>
    <subfield code="b">Facultad de Ciencias Jur&#xED;dicas y Pol&#xED;ticas,</subfield>
    <subfield code="c">2001.</subfield>
  </datafield>
  <datafield tag="300" ind1=" " ind2=" ">
    <subfield code="a">volumen : </subfield>
    <subfield code="b">ilustraciones, fotograf&#xED;as ; </subfield>
    <subfield code="c">27 cm.</subfield>
  </datafield>
  <datafield tag="500" ind1=" " ind2=" ">
    <subfield code="a">Revista de Divulgaci&#xF3;n Cient&#xED;fica, RCU. Primer Semestre 2001.</subfield>
  </datafield>
  <datafield tag="500" ind1=" " ind2=" ">
    <subfield code="a">Donado por: Rub&#xE9;n Caba. </subfield>
  </datafield>
  <datafield tag="650" ind1=" " ind2="0">
    <subfield code="a">Criminolog&#xED;a</subfield>
    <subfield code="v">Publicaciones peri&#xF3;dicas</subfield>
    <subfield code="9">17089</subfield>
  </datafield>
  <datafield tag="710" ind1=" " ind2=" ">
    <subfield code="a">Facultad de Ciencias Jur&#xED;dicas y Pol&#xED;ticas</subfield>
    <subfield code="9">86763</subfield>
    <subfield code="b">Instituto de Criminolog&#xED;a</subfield>
  </datafield>
  <datafield tag="942" ind1=" " ind2=" ">
    <subfield code="2">ddc</subfield>
    <subfield code="c">ISSUE</subfield>
  </datafield>
  <datafield tag="952" ind1=" " ind2=" ">
    <subfield code="0">0</subfield>
    <subfield code="1">0</subfield>
    <subfield code="2">ddc</subfield>
    <subfield code="4">0</subfield>
    <subfield code="5">6</subfield>
    <subfield code="7">0</subfield>
    <subfield code="8">SE</subfield>
    <subfield code="a">BNPHU</subfield>
    <subfield code="b">BNPHU</subfield>
    <subfield code="d">2024-10-25</subfield>
    <subfield code="h">Volumen 1.  No. 2. 2001</subfield>
    <subfield code="l">0</subfield>
    <subfield code="p">2024-6121</subfield>
    <subfield code="r">2024-10-25</subfield>
    <subfield code="t">e.1</subfield>
    <subfield code="w">2024-10-25</subfield>
    <subfield code="y">ISSUE</subfield>
  </datafield>
  <datafield tag="999" ind1=" " ind2=" ">
    <subfield code="c">57937</subfield>
    <subfield code="d">57937</subfield>
  </datafield>
</record>
